000 00339nam a2200133Ia 4500
005 20260328104316.0
008 260328s9999||||xx |||||||||||||| ||und||
100 _aWilkes, Angela
245 0 _aDesign The Definitive Visual History /
_cAngela Wilkes
260 _bPenguin
300 _a476 p.
650 _aDISEÑO INDUSTRIAL
942 _cBK
999 _c11157
_d11157